[Event "AUTO-OPEN-920"]
[Site "http://www.queenalice.com/game.php?id=312982"]
[Date "2007.11.30"]
[Round "1"]
[White "mauricio_sm"]
[Black "fhpratti"]
[Result "1-0"]
[WhiteElo "1816"]
[BlackElo "1510"]

1. e4 e6 2. d4 Nf6 3. e5 Ne4 4. Bd3 d5 5. Nd2 Nc6 6. Nxe4 dxe4 7. Bxe4 Qxd4 8.
Bxc6+ Bd7 9. Qxd4 Bxc6 10. f3 Rd8 11. Qxa7 Be7 12. Ne2 O-O 13. Be3 Ra8 14. Qd4
Ra4 15. Qd2 Rd8 16. Qc1 Ra5 17. O-O Rxe5 18. Rd1 Ra8 19. Nd4 Ra4 20. Nxc6 bxc6
21. Bf4 Re2 22. Bxc7 Bc5+ 23. Kh1 Rc4 24. Rd8+ Bf8 25. Bd6 g6 26. Qh6 1-0

[Event "AUTO-OPEN-920"]
[Site "http://www.queenalice.com/game.php?id=312983"]
[Date "2007.11.30"]
[Round "1"]
[White "fhpratti"]
[Black "mauricio_sm"]
[Result "1-0"]
[WhiteElo "1556"]
[BlackElo "1702"]

1. e3 e5 2. Bc4 d6 3. Qf3 Qf6 4. Qxf6 Nxf6 5. Nf3 h6 6. Nc3 Bg4 7. Nd5 Nxd5 8.
Bxd5 c6 9. Bc4 Bxf3 10. gxf3 d5 11. Bd3 Nd7 12. a4 Nc5 13. b3 Nxd3+ 14. cxd3 Bc5
15. Bb2 f6 16. Rc1 Bd6 17. h3 O-O 18. Rg1 Rac8 19. Ke2 c5 20. Ba3 Rfe8 21. e4 d4
22. Rc2 Red8 23. Rgc1 Rc6 24. h4 c4 25. Bxd6 cxd3+ 26. Kxd3 Rdxd6 27. b4 Rxc2
28. Rxc2 Rc6 29. Rxc6 bxc6 30. Kc4 g5 31. h5 f5 32. exf5 Kf7 33. Kc5 Kf6 34.
Kxc6 Kxf5 35. Kb7 Kf4 36. Kxa7 Kxf3 37. b5 Kxf2 38. b6 g4 39. b7 g3 40. b8=Q g2
41. Qxe5 g1=Q 42. Qxd4+ Kf1 43. Qxg1+ Kxg1 44. d4 Kg2 45. d5 Kg3 46. d6 Kg4 47.
d7 Kxh5 48. d8=Q Kg4 49. Qg8+ Kh5 50. a5 Kh4 51. a6 h5 52. Kb6 Kh3 53. a7 h4 54.
a8=Q Kh2 55. Qgg2# 1-0

[Event "AUTO-OPEN-920"]
[Site "http://www.queenalice.com/game.php?id=313006"]
[Date "2007.11.30"]
[Round "1"]
[White "mate_em_1"]
[Black "fhpratti"]
[Result "1-0"]
[WhiteElo "1620"]
[BlackElo "1503"]

1. e4 e6 2. Nc3 Qf6 3. Nf3 a6 4. Bc4 b5 5. Bd3 c5 6. e5 Qd8 7. Be4 d5 8. exd6
Ra7 9. d3 f5 10. Bxf5 exf5 11. Qe2+ Kf7 12. Ne5+ Ke6 13. Nc6+ Kd7 14. Nxd8 Kxd8
15. Bg5+ Nf6 16. Nd5 Nc6 17. Nxf6 Bxd6 18. Ne4+ Be7 19. Bxe7+ Rxe7 20. O-O-O
fxe4 21. dxe4+ Ke8 22. Qh5+ g6 23. Qxc5 Bb7 24. Rd6 Re5 25. Qb6 Ke7 26. Qc7+ Kf8
27. Rf6+ Ke8 28. Qxb7 Nd8 29. Qb8 Re7 30. Rd1 Rd7 31. Rxd7 Kxd7 32. Qd6+ Ke8 33.
e5 Nf7 34. Re6# 1-0

[Event "AUTO-OPEN-920"]
[Site "http://www.queenalice.com/game.php?id=313007"]
[Date "2007.11.30"]
[Round "1"]
[White "fhpratti"]
[Black "mate_em_1"]
[Result "1-0"]
[WhiteElo "1484"]
[BlackElo "1644"]

1. e3 e5 2. Bc4 Qg5 3. Qf3 Qg6 4. h4 Nf6 5. g3 Qxc2 6. Na3 Bxa3 7. Bb3 Qe4 8.
bxa3 Qxf3 9. Nxf3 d6 10. Ng5 d5 11. Bb2 O-O 12. Bxe5 Na6 13. d4 Ne4 14. Nxe4
dxe4 15. d5 Bg4 16. Rc1 Rac8 17. Rc4 Bf3 18. O-O Rfd8 19. Rcc1 b6 20. Bd1 Nc5
21. Bxf3 exf3 22. Rfd1 Re8 23. Bb2 Nd7 24. Re1 Nc5 25. Red1 Rcd8 26. Rc4 Re5 27.
Bxe5 Rd7 28. a4 a5 29. d6 cxd6 30. Rxd6 f6 31. Rxd7 Nxd7 32. Bd4 Kf7 33. Rc6 Kg6
34. Bxb6 Nxb6 35. Rxb6 1-0

[Event "Challenge"]
[Site "http://www.queenalice.com/game.php?id=314453"]
[Date "2007.12.3"]
[Round "-"]
[White "fhpratti"]
[Black "Rgbug"]
[Result "0-1"]
[WhiteElo "1514"]
[BlackElo "1874"]

1. e3 e5 2. Qf3 Nc6 3. Bc4 Nf6 4. g4 d5 5. Bb5 Bxg4 6. Qg3 Bd6 7. Bxc6+ bxc6 8.
h3 Bh5 9. f4 Qe7 10. Ne2 Bxe2 11. Kxe2 exf4 12. Qf2 Qe4 13. Rg1 Qxc2 14. Na3 Qe4
15. d3 Qe6 16. b3 fxe3 17. Qxe3 Qxe3+ 18. Kxe3 O-O 19. Nc2 a5 20. Bb2 Rfe8+ 21.
Kf2 Be5 22. d4 Bd6 23. Ne3 Bf4 24. Rae1 Bxe3+ 25. Rxe3 Rxe3 26. Kxe3 Re8+ 27.
Kf2 Ne4+ 28. Ke3 Nc3+ 29. Kd2 Nxa2 30. Ra1 Nb4 31. Rxa5 f5 32. Bc3 Rb8 33. Ra4
c5 34. dxc5 Nc6 35. Ra6 Ne7 36. Re6 Kf7 37. Ra6 Rxb3 38. c6 Rb6 39. Rxb6 cxb6
40. c7 g6 41. Bb4 Nc8 42. Ke3 Ke6 43. Be1 Kd7 44. Bg3 g5 45. Kd4 f4 46. Bf2 Kxc7
47. Kxd5 Kd7 48. Ke5 Ke7 49. Kf5 h6 50. Kg6 b5 51. Kxh6 Kf6 52. Kh5 Kf5 53. Bc5
f3 54. h4 g4 55. Be3 g3 56. Bg1 f2 0-1

[Event "X-Chessman"]
[Site "http://www.queenalice.com/game.php?id=320207"]
[Date "2007.12.14"]
[Round "1"]
[White "fhpratti"]
[Black "WelintonMaia"]
[Result "1-0"]
[WhiteElo "1519"]
[BlackElo "1751"]

1. e4 c5 2. c4 e5 3. d3 Nf6 4. g4 d6 5. g5 Nfd7 6. h4 g6 7. Nf3 Nb6 8. Nc3 a6 9.
a3 Nc6 10. b3 h5 11. gxh6 Bxh6 12. Bxh6 Rxh6 13. Nd5 Nxd5 14. exd5 Ne7 15. Ng5
Nf5 16. Qf3 f6 17. Ne6 Qa5+ 18. Kd1 Qc3 19. Rc1 Qxb3+ 20. Ke1 Bxe6 21. dxe6 Ke7
22. Bg2 Rb8 23. Kd2 Nd4 24. Qe3 Qb2+ 25. Kd1 Rh5 26. Re1 Qb3+ 27. Kd2 b5 28. Bf3
bxc4 29. dxc4 Qb2+ 30. Kd1 Rb3 31. Qe4 Rxf3 32. Qxg6 Rxh4 33. Qf7+ Kd8 34. Qd7#
1-0

[Event "mauricio_sm"]
[Site "http://www.queenalice.com/game.php?id=345957"]
[Date "2008.1.31"]
[Round "1"]
[White "fhpratti"]
[Black "ciccioscacchi"]
[Result "0-1"]
[WhiteElo "1596"]
[BlackElo "1950"]

1. e4 e5 2. Nf3 Nc6 3. c3 d5 4. exd5 Qxd5 5. c4 Qe4+ 6. Qe2 Qxe2+ 7. Bxe2 Nd4 8.
Nxd4 exd4 9. O-O Nf6 10. b4 Bxb4 11. a3 Ba5 12. Bb2 c5 13. Bf3 Be6 14. Bxb7 Rb8
15. Bc6+ Ke7 16. Bc1 Bxc4 17. Re1+ Kd6 18. Bf3 Rhe8 19. Rd1 Re7 20. d3 Rbe8 21.
Bf4+ Kd7 22. Nd2 Bxd2 23. Bxd2 Bxd3 24. g4 Be2 25. Bxe2 Rxe2 26. Bf4 Nxg4 27.
Bg3 Kc6 28. h3 Nf6 29. Rac1 Kd5 30. f3 c4 31. Rb1 c3 32. Rb5+ Kc4 33. Rb4+ Kc5
34. Rdxd4 c2 35. Rbc4+ Kb5 36. a4+ Kb6 37. Rd6+ Kb7 38. Rb4+ Ka8 39. Rc6 Re1+
40. Bxe1 Rxe1+ 41. Kf2 c1=Q 42. Rxc1 Rxc1 43. Ke3 Nd5+ 44. Kd2 Nxb4 45. Kxc1 Kb7
46. Kd2 Kb6 47. Kc3 Ka5 48. Kd4 Kxa4 0-1

[Event "AUTO-INT-774"]
[Site "http://www.queenalice.com/game.php?id=346356"]
[Date "2008.1.31"]
[Round "1"]
[White "fhpratti"]
[Black "FelipeNunes"]
[Result "1-0"]
[WhiteElo "1586"]
[BlackElo "1694"]

1. e4 e5 2. c4 Bc5 3. d3 Nc6 4. h4 d6 5. a3 Nf6 6. b4 Bd4 7. Ra2 Ng4 8. Be3 Bxe3
9. fxe3 Nxe3 10. Qf3 Ng4 11. Nh3 Qxh4+ 12. Nf2 Qxf2+ 13. Rxf2 Nxf2 14. Qxf2 a5
15. b5 Nd4 16. Be2 a4 17. O-O Ne6 18. Qxf7+ Kd8 19. Bg4 Re8 20. Bxe6 Bxe6 21.
Qxg7 Re7 22. Qh8+ Re8 23. Rf8 1-0

[Event "AUTO-INT-774"]
[Site "http://www.queenalice.com/game.php?id=346357"]
[Date "2008.1.31"]
[Round "1"]
[White "FelipeNunes"]
[Black "fhpratti"]
[Result "1-0"]
[WhiteElo "1679"]
[BlackElo "1613"]

1. e4 e5 2. Nf3 Bc5 3. Nc3 Nf6 4. Nxe5 d6 5. Nf3 O-O 6. d4 Bb4 7. Bd3 Nc6 8. O-O
Bg4 9. Ne2 d5 10. Ng3 dxe4 11. Nxe4 Nxd4 12. c3 Nxf3+ 13. gxf3 Bh3 14. cxb4 Bxf1
15. Qxf1 Nxe4 16. Bxe4 c6 17. Be3 f5 18. Bc2 f4 19. Bc5 Rf6 20. Qg2 Rg6 21. Bxg6
hxg6 22. Qxg6 Rc8 23. Bxa7 b6 24. Bxb6 Qxb6 25. Qe6+ Kh7 26. Qxc8 Qd4 27. Qxc6
Qd3 28. Qe4+ Kh6 29. Qxd3 1-0

[Event "AUTO-INT-774"]
[Site "http://www.queenalice.com/game.php?id=346358"]
[Date "2008.1.31"]
[Round "1"]
[White "fhpratti"]
[Black "zemaria"]
[Result "1-0"]
[WhiteElo "1578"]
[BlackElo "1590"]

1. e4 d5 2. exd5 Qxd5 3. c4 Qc5 4. Nf3 Bg4 5. d4 Qd6 6. c5 Qd5 7. h3 Bxf3 8.
Qxf3 c6 9. Qxd5 cxd5 10. Bf4 a6 11. Nc3 e6 12. O-O-O Nc6 13. Re1 Nxd4 14. Bg5
Bxc5 15. Nxd5 Ne7 16. Nc7+ Kd7 17. Nxa8 Rxa8 18. g4 Nd5 19. Be3 Nxe3 20. fxe3
Nf3 21. Rd1+ Ke7 22. e4 Ne5 23. a3 b6 24. b4 Bd6 25. Be2 b5 26. Rd2 Rc8+ 27. Kb1
Nc4 28. Bxc4 Rxc4 29. Rhd1 Rc6 30. Rc2 Rc4 31. Rxc4 bxc4 32. Rc1 Bg3 33. Rxc4
Kf6 34. Rc6 Be5 35. Rxa6 Kg5 36. Ra5 f6 37. Rxe5+ fxe5 38. b5 Kf4 39. b6 Kxe4
40. b7 1-0

[Event "AUTO-INT-774"]
[Site "http://www.queenalice.com/game.php?id=346359"]
[Date "2008.1.31"]
[Round "1"]
[White "zemaria"]
[Black "fhpratti"]
[Result "1-0"]
[WhiteElo "1614"]
[BlackElo "1596"]

1. e4 e5 2. Nf3 f6 3. d4 exd4 4. Nxd4 c5 5. Nf5 g6 6. Ng3 d6 7. Bc4 h5 8. Nc3
Bg4 9. Nce2 h4 10. Nf1 g5 11. f3 Bd7 12. Ne3 b5 13. Bd5 Bc6 14. O-O Bxd5 15.
Qxd5 Ne7 16. Qxa8 Nec6 17. Nf5 Rh7 18. b3 a6 19. a4 Ra7 20. Qxa7 Nxa7 21. Nc3 b4
22. Nd5 Nac6 23. Bb2 Ne7 24. Bxf6 Nbc6 25. Bxg5 Kd7 26. Rfd1 Qe8 27. Nf6+ Kd8
28. Nxe8 Kxe8 29. Nxd6+ Kd7 30. Nf5+ Ke8 31. Nxe7 Nxe7 32. Bxh4 Nc6 33. Rd5 Nd4
34. Rxd4 cxd4 35. Bf6 Kf7 36. Bxd4 Ke6 37. Rd1 Bh6 38. Bc5 a5 39. Bb6 1-0

[Event "AUTO-INT-774"]
[Site "http://www.queenalice.com/game.php?id=346360"]
[Date "2008.1.31"]
[Round "1"]
[White "fhpratti"]
[Black "Rapha66"]
[Result "0-1"]
[WhiteElo "1594"]
[BlackElo "1622"]

1. e4 e5 2. Nf3 d6 3. h4 Nf6 4. Bc4 h6 5. d3 d5 6. exd5 Bg4 7. h5 Bxh5 8. Qd2
Bxf3 9. gxf3 Nxd5 10. Bxd5 Qxd5 11. Qe3 Nc6 12. c4 Qd4 13. Qxd4 Nxd4 14. Na3
Bxa3 15. O-O Bc5 16. Be3 Nc2 17. Rac1 Nxe3 18. Rfe1 Nxc4 19. dxc4 f6 20. a3
O-O-O 21. b4 Bd4 22. c5 Bb2 23. Rb1 Bxa3 24. Re3 Bxb4 25. Rxb4 Rd4 26. Rbb3 Rhd8
27. Rb1 Rd1+ 28. Rxd1 Rxd1+ 29. Kg2 Rc1 30. Ra3 a6 31. Ra5 Rb1 32. c6 Rb5 33.
cxb7+ Kxb7 34. Ra3 c5 35. Kf1 c4 36. Rc3 Rb4 37. Ke2 a5 38. Kd2 h5 39. Ke1 a4
40. Kd1 h4 41. Ke1 h3 42. Ke2 h2 43. Rc1 a3 0-1

[Event "AUTO-INT-774"]
[Site "http://www.queenalice.com/game.php?id=346361"]
[Date "2008.1.31"]
[Round "1"]
[White "Rapha66"]
[Black "fhpratti"]
[Result "1-0"]
[WhiteElo "1663"]
[BlackElo "1581"]

1. e4 e5 2. Nf3 Nc6 3. Bb5 a6 4. Bxc6 dxc6 5. d3 Nf6 6. Nxe5 Qd4 7. Nc4 Ng4 8.
Be3 Nxe3 9. fxe3 Qf6 10. Nc3 Qg6 11. Qf3 Bg4 12. Qg3 b5 13. Ne5 Bd6 14. Nxg6
Bxg3+ 15. hxg3 fxg6 16. Rf1 O-O-O 17. Rf4 h5 18. e5 g5 19. Rf7 h4 20. Rxg7 hxg3
21. Kd2 Rh2 22. Rg1 b4 23. Ne4 Bf5 24. Nxg3 Be6 25. a3 c5 26. axb4 cxb4 27. Rxg5
Rg8 28. Rxg8+ Bxg8 29. Ke2 Rh6 30. Rh1 Rxh1 31. Nxh1 Bd5 32. e4 Bf7 33. b3 a5
34. g4 Kd7 35. Ke3 Kc6 36. Kd4 Be6 37. g5 Bf7 38. Ng3 Kd7 39. Nf5 Ke6 40. Nh4
Ke7 41. g6 Bg8 42. Kc5 Ke6 43. Kb5 Kxe5 44. Kxa5 Kf6 45. Kxb4 Kg5 46. Nf5 Kf6
47. g7 Bh7 48. Kc5 Bxf5 49. g8=Q 1-0

[Event "X-Chessman"]
[Site "http://www.queenalice.com/game.php?id=353479"]
[Date "2008.2.12"]
[Round "2"]
[White "Ayr_United"]
[Black "fhpratti"]
[Result "1-0"]
[WhiteElo "1656"]
[BlackElo "1568"]

1. e4 e5 2. Bc4 d6 3. Nf3 a6 4. Bxf7+ Kxf7 5. d3 Bg4 6. h3 Bxf3 7. Qxf3+ Qf6 8.
Qg4 h5 9. Qg3 Rh6 10. O-O Rg6 11. Qe3 Ne7 12. f4 Qe6 13. fxe5+ Ke8 14. exd6 cxd6
15. Qb6 Nd7 16. Qxb7 Rc8 17. c3 Qe5 18. Bf4 Nc5 19. Bxe5 Nxb7 20. Bh2 d5 21. e5
Nf5 22. Rxf5 Bc5+ 23. d4 Be7 24. Nd2 Rg5 25. Rxg5 Bxg5 26. Nf3 Be7 27. Re1 Na5
28. Nd2 Bg5 29. Nf3 Be7 30. Bf4 Nc4 31. Re2 Rb8 32. b3 Na5 33. Bg5 Bxg5 34. Nxg5
Rc8 35. Re3 Rc6 36. e6 Rc7 37. Kf2 Ke7 38. Rf3 Ke8 39. Nh7 Nc6 40. Rf8+ Ke7 41.
Rf7+ Kd6 42. Rxc7 Kxc7 43. Ng5 Kd6 44. Kf3 Ke7 45. Kf4 Nd8 46. Kf5 Nxe6 47. Nxe6
Kf7 48. a4 g6+ 49. Ke5 1-0

[Event "Pratti/Tech"]
[Site "http://www.queenalice.com/game.php?id=359430"]
[Date "2008.2.23"]
[Round "-"]
[White "fhpratti"]
[Black "technicaldraw"]
[Result "0-1"]
[WhiteElo "1597"]
[BlackElo "1971"]

1. e4 e6 2. d4 d5 3. exd5 exd5 4. Nf3 Nc6 5. Ng5 Be7 6. h4 h6 7. Nf3 Bg4 8. Be2
Bf6 9. c3 h5 10. b4 a6 11. Ng5 Bxe2 12. Qxe2+ Nge7 13. Nd2 Qd7 14. g3 Bxg5 15.
hxg5 O-O-O 16. a4 Rde8 17. Nf3 Nf5 18. Ne5 Nxe5 19. dxe5 Rxe5 20. Be3 Nxe3 21.
fxe3 Rxe3 22. Qxe3 Re8 23. Qxe8+ Qxe8+ 24. Kd2 Qe5 25. Rxh5 Qxg3 26. Re1 Kd7 27.
g6 fxg6 28. Rxd5+ Kc6 29. c4 Qf4+ 30. Re3 g5 31. Ke2 Qxc4+ 32. Red3 Qxd5 33.
Rxd5 Kxd5 34. Kf3 b6 35. Kg4 Kc4 0-1

[Event "mauricio_sm"]
[Site "http://www.queenalice.com/game.php?id=374447"]
[Date "2008.3.20"]
[Round "2"]
[White "DALECIO_RAZIEL"]
[Black "fhpratti"]
[Result "1-0"]
[WhiteElo "1299"]
[BlackElo "1556"]

1. d4 Nc6 2. c3 e6 3. f4 f5 4. h4 h5 5. e3 g6 6. b4 b5 7. Na3 a6 8. Nf3 d5 9.
Ng5 Nce7 10. g3 c6 11. Qd3 Nf6 12. Bg2 Bh6 13. Nc2 O-O 14. a4 Bb7 15. a5 Ne4 16.
Nxe6 1-0

[Event "X-Chessman"]
[Site "http://www.queenalice.com/game.php?id=392875"]
[Date "2008.4.24"]
[Round "3"]
[White "paddymalonespub"]
[Black "fhpratti"]
[Result "0-1"]
[WhiteElo "1715"]
[BlackElo "1530"]

1. e4 e5 2. Nf3 d6 3. d4 f6 4. Nc3 c5 5. Be3 cxd4 6. Bxd4 exd4 7. Nxd4 Nc6 8.
Bb5 Bd7 9. Bxc6 bxc6 10. O-O c5 11. Nf5 Bxf5 12. exf5 Nh6 13. Qd5 Qc8 14. Rfe1+
Be7 15. Qe6 Nxf5 16. Nd5 Qxe6 17. Rxe6 Kd7 18. Rae1 Rhe8 19. g4 Nd4 20. R6e3 f5
21. Rc1 Bg5 22. Rxe8 Rxe8 23. f4 Ne2+ 24. Kf1 Nxc1 25. fxg5 Nxa2 26. gxf5 Re5
0-1

[Event "mauricio_sm"]
[Site "http://www.queenalice.com/game.php?id=411509"]
[Date "2008.6.1"]
[Round "3"]
[White "fhpratti"]
[Black "raven225"]
[Result "0-1"]
[WhiteElo "1553"]
[BlackElo "1767"]

1. e4 e5 2. c4 Nf6 3. d3 Bb4+ 4. Nc3 O-O 5. a3 Bxc3+ 6. bxc3 Nc6 7. g4 d6 8. g5
Nd7 9. h4 f6 10. Nh3 Nb6 11. h5 Bxh3 12. Bxh3 fxg5 13. Rg1 h6 14. a4 Qf6 15. Be3
a5 16. c5 Nc8 17. Qb3+ Kh8 18. Qxb7 N8e7 19. O-O-O d5 20. exd5 e4 21. d4 Nxd5
22. Qb3 Nxe3 23. fxe3 Qf3 24. Qd5 Qxe3+ 25. Kc2 Rf2+ 26. Kb3 Rb8+ 27. Ka3 Qxc3+
0-1

[Event "X-Chessman"]
[Site "http://www.queenalice.com/game.php?id=422145"]
[Date "2008.6.23"]
[Round "4"]
[White "fhpratti"]
[Black "Claudemir"]
[Result "0-1"]
[WhiteElo "1546"]
[BlackElo "2002"]

1. e4 c5 2. c4 d6 3. d3 Nc6 4. f4 e6 5. Nf3 g6 6. g3 Bg7 7. h3 Qb6 8. Nc3 Nge7
9. Na4 Qa5+ 10. Bd2 Qc7 11. Bc3 O-O 12. d4 cxd4 13. Nxd4 Nxd4 14. Bxd4 Bxd4 15.
Qxd4 e5 16. fxe5 dxe5 17. Qd2 Rd8 18. Qf2 Rd4 19. Qc2 Be6 20. b3 Rad8 21. Nc3
Nc6 22. Ne2 Qa5+ 23. Qc3 Rxe4 24. Qxa5 Nxa5 25. Rd1 Rxd1+ 26. Kxd1 Re3 27. g4
Rd3+ 28. Kc2 Rd8 29. Bg2 Nc6 30. a3 f5 31. gxf5 Bxf5+ 32. Kc1 Rd3 33. Rd1 Rxb3
34. Bxc6 Rb1+ 35. Kd2 Rxd1+ 36. Kxd1 bxc6 37. Kd2 Bxh3 38. Ng3 Bg2 39. Ke3 h5
40. Kf2 Bh3 0-1

[Event "X-Chessman"]
[Site "http://www.queenalice.com/game.php?id=473197"]
[Date "2008.10.5"]
[Round "5"]
[White "rchedid"]
[Black "fhpratti"]
[Result "1-0"]
[WhiteElo "1910"]
[BlackElo "1544"]

1. e4 e5 2. Nf3 f6 3. Nxe5 fxe5 4. Qh5+ g6 5. Qxe5+ Qe7 6. Qxh8 Qxe4+ 7. Kd1 Qe6
8. Qxh7 Nh6 9. f3 Qf6 10. Bd3 Qf7 11. Bxg6 1-0

[Event "mauricio_sm"]
[Site "http://www.queenalice.com/game.php?id=475369"]
[Date "2008.10.10"]
[Round "5"]
[White "ZUMBI"]
[Black "fhpratti"]
[Result "1-0"]
[WhiteElo "1733"]
[BlackElo "1542"]

1. e4 e5 2. Nf3 d6 3. Nc3 f6 4. Bc4 b6 5. d4 Nc6 6. Bd5 Nge7 7. O-O Nxd5 8. Nxd5
Nxd4 9. Nxd4 c6 10. Ne3 c5 11. Nc6 Qc7 12. Nd5 Qxc6 13. a4 f5 14. f3 Be6 15. b4
Bxd5 16. exd5 Qd7 17. f4 cxb4 18. Bd2 a5 19. c3 bxc3 20. Bxc3 Qc7 21. Bb2 Be7
22. Rc1 Qd7 23. fxe5 dxe5 24. Bxe5 Bg5 25. Rc7 Qd8 26. Re1 O-O 27. Rxg7+ Kh8 28.
Rd7+ 1-0